|
|
|
|
| LEADER |
00000csc a2200000 a 4500 |
| 001 |
83586 |
| 005 |
20230308214032.0 |
| 008 |
000000|1979 ||||||||r|||||||||||spa|| |
| 020 |
|
|
|a 9682303931
|
| 040 |
|
|
|b spa
|
| 041 |
1 |
|
|a spa
|
| 082 |
0 |
|
|a 335.411
|
| 245 |
1 |
1 |
|a Materialismo histórico y materialismo dialéctico
|c Alan Badiou y Louis Althusser, trad. Nora Rosenfeld de Pasternac
|h imp
|
| 250 |
|
|
|a 7a ed.,
|
| 264 |
|
|
|a México
|b Ediciones Pasado y Presente
|c 1979
|
| 300 |
|
|
|a 101 páginas:
|c 21 cm
|
| 490 |
|
|
|a Cuadernos de Pasado y Presente
|
| 650 |
1 |
|
|a Materialismo dialectico
|9 7321
|
| 650 |
1 |
|
|a Materialismo historico
|9 8083
|
| 700 |
1 |
|
|a Badiou, Alain
|9 288849
|
| 700 |
1 |
|
|a Althusser, Louis
|9 289783
|
| 852 |
|
|
|a UC-CDJBV
|c ESTANTERIA CERRADA
|f Compra
|k mariana.feican
|l 1
|m General
|p 00000000
|r 2
|t 83586
|b 0
|d CDRC
|e CDRC
|g 335.411 ESTANTERIA CERRADA
|z 0000-00-00
|
| 942 |
|
|
|
| 999 |
|
|
|c 127716
|d 127716
|